<?xml version="1.0" encoding="UTF-8"?>
<collection xmlns="http://www.loc.gov/MARC21/slim">
 <record>
  <leader>01485nam a2200229 a 4500</leader>
  <controlfield tag="001">1/54031</controlfield>
  <controlfield tag="008">211018s1999    gr            000 | gre d</controlfield>
  <datafield tag="020" ind1=" " ind2=" ">
   <subfield code="a">9601207236</subfield>
  </datafield>
  <datafield tag="040" ind1=" " ind2=" ">
   <subfield code="a">GR-PeUP</subfield>
  </datafield>
  <datafield tag="082" ind1="0" ind2="0">
   <subfield code="a">246.950 956 944 2 ΚΑΚ</subfield>
  </datafield>
  <datafield tag="100" ind1="1" ind2=" ">
   <subfield code="a">Καλοκύρης, Κωνσταντίνος Δ.</subfield>
   <subfield code="d">1916-</subfield>
  </datafield>
  <datafield tag="245" ind1="0" ind2="3">
   <subfield code="a">Το αρχιτεκτονικό συγκρότημα του ναού της Αναστάσεως Ιεροσολύμων και το θέμα του Αγίου Φωτός : </subfield>
   <subfield code="b"> ιστορική και αρχαιολογική διεύρυνση, αξιολόγηση κειμένων και θρύλων, κριτική προσέγγιση, από τον Πανάγιο Τάφο στην ανάσταση των νεκρών, ο χαρακτήρας της Αναστάσεως του Χριστού / </subfield>
   <subfield code="c">Κωνσταντίνος Δ. Καλοκύρης.</subfield>
  </datafield>
  <datafield tag="260" ind1=" " ind2=" ">
   <subfield code="a">Θεσσαλονίκη : </subfield>
   <subfield code="b">Univercity Studio Press,</subfield>
   <subfield code="c">c1999.</subfield>
  </datafield>
  <datafield tag="300" ind1=" " ind2=" ">
   <subfield code="a">342 σ. ; </subfield>
   <subfield code="c">21 εκ.</subfield>
  </datafield>
  <datafield tag="504" ind1=" " ind2=" ">
   <subfield code="a">Περιέχει βιβλιογραφία.</subfield>
  </datafield>
  <datafield tag="650" ind1=" " ind2="0">
   <subfield code="a">Church Architecture </subfield>
   <subfield code="z">Israel</subfield>
   <subfield code="z">Jerusalem.</subfield>
  </datafield>
  <datafield tag="650" ind1=" " ind2="4">
   <subfield code="a">Εκκλησιαστική αρχιτεκτονική </subfield>
   <subfield code="z">Ισραήλ.</subfield>
  </datafield>
  <datafield tag="650" ind1=" " ind2="0">
   <subfield code="a">Church of the Holy Sepulchre (Jerusalem).</subfield>
  </datafield>
  <datafield tag="651" ind1=" " ind2="0">
   <subfield code="a">Church of the Holy Sepulchre (Jerusalem).</subfield>
  </datafield>
  <datafield tag="651" ind1=" " ind2="4">
   <subfield code="a">Ναός της Αναστάσεως (Ιερουσαλήμ).</subfield>
  </datafield>
  <datafield tag="852" ind1=" " ind2=" ">
   <subfield code="a">INST</subfield>
   <subfield code="b">UNIPILB</subfield>
   <subfield code="c">MAIN</subfield>
   <subfield code="e">20211018</subfield>
   <subfield code="h">246.950 956 944 2 ΚΑΚ</subfield>
   <subfield code="p">00185662</subfield>
   <subfield code="q">00185662</subfield>
   <subfield code="t">LOAN</subfield>
   <subfield code="y">0</subfield>
   <subfield code="4">1</subfield>
  </datafield>
  <datafield tag="960" ind1=" " ind2=" ">
   <subfield code="a">ΑΛΜΠΑΝΗ ΤΑΝΙΑ</subfield>
  </datafield>
 </record>
</collection>
